• 首页
  • 本馆介绍
  • 公告通知
  • 最新文献
  • 馆藏检索
  • 电子资源
  • 读者导购
  • 参考咨询
  • 我的图书馆
  • 登录
  • 详细信息显示
  • 放入我的书架
  • 预约/预借图书
  • 作者相关作品
  • 分类相关作品
  • 丛书相关作品
  • 出版社相关作品

书目信息

  • 表格格式
  • 工作单格式
  • 卡片格式
题名:
通风除尘与物料输送
    
 
作者: 周曼玲 主编
分册:  
出版信息: 北京   中国财政经济出版社  2002
页数: 247页
开本: 26cm
丛书名:
单 册:
中图分类: TS208
科图分类:
主题词: 食品厂--通风除尘--中等专业教育--教材 , 食品厂--物料输送系统--中等专业教育--教材
电子资源:
ISBN: 7-5005-5636-5
000 00898n|m0 2200265---450-
001 0102638963
005 20121116170000.0
010    @a7-5005-5636-5@dCNY19.00
011    @a7-5005-5636-5
100    @a20030110d2002----em-y0chiy0110----ea
101 0  @achi
102    @aCN@b110000
105    @ay---z---000yy
135    @adrbn ---auuuu
200 1  @a通风除尘与物料输送@9Tong Feng Chu Chen Yu Wu Liao Shu Song @f周曼玲主编@b电子资源.图书
210    @a北京@c中国财政经济出版社@d2002
215    @a247页@d26cm
325    @a电子复制品
330    @a本书介绍通风除尘与物料输送的基本知识,内容包括:空气在管道中流动的规律、风机、通风除尘、气力输送和机械输送等。
606 0  @a食品厂@x通风除尘@x中等专业教育@j教材
606 0  @a食品厂@x物料输送系统@x中等专业教育@j教材
690    @aTS208@v4
701  0 @a周曼玲@4主编@9zhou man ling
801  0 @aCN@bAZmarc@c20230904
905    @dTS208@e3@f1@sTS208/3@aBZT
    
    通风除尘与物料输送/周曼玲主编[电子资源.图书].-北京:中国财政经济出版社,2002
    247页;26cm
    
    
    ISBN 7-5005-5636-5:CNY19.00
    本书介绍通风除尘与物料输送的基本知识,内容包括:空气在管道中流动的规律、风机、通风除尘、气力输送和机械输送等。
●
相关链接 在五车中查询图书 在当当中查询图书 在豆瓣中查询图书


正题名:通风除尘与物料输送     索取号:TS208/3         预约/预借

序号 登录号 条形码 馆藏地/架位号 状态 备注
1 2000066014   2000066014   旧书回溯/ [索取号:TS208/3] 在馆    
山东省滨州职业学院图书馆 欢迎您!
大连网信软件有限公司© 版权所有